Σπουδαί - Spoudai / Βραβείο Ακαδημίας Αθηνών - An Academy of Athens Award (Record no. 9191)
[ view plain ]
| 000 -LEADER | |
|---|---|
| fixed length control field | 01477cam a22001934a 4500 |
| 005 - ΗΜΕΡΟΜΗΝΙΑ ΚΑΙ ΩΡΑ ΤΕΛΕΥΤΑΙΑΣ ΕΝΗΜΕΡΩΣΗΣ | |
| Πεδίο ελέγχου | 20250605164355.0 |
| 008 - FIXED-LENGTH DATA ELEMENTS--GENERAL INFORMATION | |
| Πεδίο ελέγχου σταθερού μήκους | 250528s ||||||||||||||||||||||||d |
| 035 ## - SYSTEM CONTROL NUMBER | |
| System control number | 24301 |
| 040 ## - ΠΗΓΗ ΚΑΤΑΛΟΓΟΓΡΑΦΗΣΗΣ | |
| Φορέας πρωτότυπης καταλογογράφησης | MC Athens Campus Library |
| Γλώσσα καταλογογράφησης | Ελληνικά, Μοντέρνα (1453-) |
| Modifying agency | MC Athens Campus Library |
| Κανόνες περιγραφικής καταλογογράφησης | AACR2 |
| 245 1# - ΤΙΤΛΟΣ ΚΑΙ ΔΗΛΩΣΗ ΥΠΕΥΘΥΝΟΤΗΤΑΣ | |
| Τίτλος | Σπουδαί - Spoudai / Βραβείο Ακαδημίας Αθηνών - An Academy of Athens Award |
| 260 ## - PUBLICATION, DISTRIBUTION, ETC. | |
| Name of publisher, distributor, etc. | Επτάλοφος, |
| Date of publication, distribution, etc. | 2008 |
| 300 ## - PHYSICAL DESCRIPTION | |
| Extent | 248 |
| 520 ## - SUMMARY, ETC. | |
| Summary, etc. | A Multi-Dynamic Generalized Expenditure System of the Demand for Consumer Goods, Up-to-Date Strategic Practices in the Banking Field in Greece, Supply Chain Strategy and Outsourcing: The Case of the Greek Pharmaceutical Sector, The Structure of Production in Greek Agriculture: Elasticities of Substitution and Derived Factor Price Elasticities, Human Capital and Economic Growth and Accountability of the Tertiary Education Institutions, Managers' Perceptions of Using of E-Marketing in B2B Relationships, The Wealth Effects of Mergers and Acquisitions to Target-Companies in USA for the Period 1920-200: A Critical Examination of Related Empirical Studies, Modeling Uncertainty and Risk in Investment Appraisal Decisions: A Monte Carlo Simulation Approach, The Marketing Information System of the Greek Shipping ComPany, Economic Characteristics of the Population in the Prefecture of Cyclades, Economic Analysis of Religion. |
| 700 1# - ΠΡΟΣΘΕΤΗ ΑΝΑΓΡΑΦΗ--ΦΥΣΙΚΟ ΠΡΟΣΩΠΟ | |
| Personal name | Αγιακόγλου Χρήστος |
| 9 (RLIN) | 9446 |
| 942 ## - ADDED ENTRY ELEMENTS (KOHA) | |
| Koha item type | Περιοδικά Δημοσιεύματα |
| Τύπος τεκμηρίου | Βιβλιοθήκη | Τρέχουσα τοποθεσία | Barcode | Ημερομηνία απόκτησης | Ταξιθετικό σύμβολο | Αριθμός αντιτύπου | Αρίθμηση σειρών / χρονολογία | Κατάσταση απόσυρσης | Κατάσταση χαμένου | Κατάσταση κατεστραμμένου | Μη δανεισμός | Σύνολο δανεισμών | Ημερομηνία τελευταίας εμφάνισης | Η τιμή ισχύει από |
|---|---|---|---|---|---|---|---|---|---|---|---|---|---|---|
| Περιοδικά Δημοσιεύματα | MC Athens Campus Library | MC Athens Campus Library | 9780000091901 | 05/06/2025 | ΣΠΟΥΔΑΙ | 1 | 58 | 05/06/2025 | 05/06/2025 |